书目信息 |
| 题名: |
自动控制原理与设计
|
|
| 作者: | 富兰克林 , 鲍威尔 , 内伊尼 著 | |
| 分册: | ||
| 出版信息: | 北京 人民邮电出版社 2007.07 |
|
| 页数: | 609页 | |
| 开本: | 24cm | |
| 丛书名: | 图灵原版电子与电气工程系列 | |
| 单 册: | ||
| 中图分类: | TP13 | |
| 科图分类: | ||
| 主题词: | 自动控制理论--zi dong kong zhi li lun--英文 | |
| 电子资源: | ||
| ISBN: | 978-7-115-15853-6 | |
| 000 | 01463nam 2200301 450 | |
| 001 | 012007078382 | |
| 005 | 20071107103652.71 | |
| 010 | @a978-7-115-15853-6@dCNY69.00 | |
| 100 | @a20071107d2007 km y0chiy0120 ea | |
| 101 | 0 | @aeng |
| 102 | @aCN@b110000 | |
| 105 | @aa z 000yy | |
| 106 | @ar | |
| 200 | 1 | @a自动控制原理与设计@Azi dong kong zhi yuan li yu she ji@d= Feedback conctrol of dynamic systems@f(美) Gene F.Franklin, J. David Powell, Abbas Emami-Naeini著@F(mei)Gene F.Franklin,J.David Powell,Abbas Emami-Naeini zhu@zeng |
| 210 | @a北京@c人民邮电出版社@d2007.07 | |
| 215 | @a609页@c图@d24cm | |
| 225 | 2 | @a图灵原版电子与电气工程系列@Atu ling yuan ban dian zi yu dian qi gong cheng xi lie |
| 314 | @a责任者Franklin, Powell, Naeini规范汉译: 富兰克林, 鲍威尔, 内伊尼 | |
| 330 | @a本书是自动控制领域的名著,内容紧密围绕自动控制系统的分析与设计理论展开,主要介绍了自动控制的动态模型、动态响应、基本特性,着重介绍了自动控制的几种常规设计技术,还涉及了非线性系统的分析与设计,并穿插了许多自动控制在MATLAB下的仿真实例。 | |
| 410 | 0 | @12001 @a图灵原版电子与电气工程系列 |
| 510 | 1 | @aFeedback conctrol of dynamic systems@zeng |
| 606 | 0 | @a自动控制理论@Azi dong kong zhi li lun@x英文 |
| 690 | @aTP13@v4 | |
| 701 | 1 | @a富兰克林@Afu lan ke lin@g(Franklin, Gene F.)@4著 |
| 701 | 1 | @a鲍威尔@Abao wei er@g(Powell, J.David)@4著 |
| 701 | 1 | @a内伊尼@Anei yi ni@g(Naeini, Abbas Emami)@4著 |
| 801 | 0 | @aCN@b@c20071107 |
| 905 | @b265259@dTP13@eF992@f1 | |
| 自动控制原理与设计= Feedback conctrol of dynamic systems/(美) Gene F.Franklin, J. David Powell, Abbas Emami-Naeini著.-北京:人民邮电出版社,2007.07 |
| 609页:图;24cm.-(图灵原版电子与电气工程系列) |
| ISBN 978-7-115-15853-6:CNY69.00 |
| 本书是自动控制领域的名著,内容紧密围绕自动控制系统的分析与设计理论展开,主要介绍了自动控制的动态模型、动态响应、基本特性,着重介绍了自动控制的几种常规设计技术,还涉及了非线性系统的分析与设计,并穿插了许多自动控制在MATLAB下的仿真实例。 |
| ● |
| 相关链接 |
|
|
|
正题名:自动控制原理与设计
索取号:TP13/F992
 
预约/预借
| 序号 | 登录号 | 条形码 | 馆藏地/架位号 | 状态 | 备注 |
| 1 | 265259 | 202652593 | 自科库301/301自科库 101排3列2层/ [索取号:TP13/F992] | 在馆 |